Fish Species of Delaware - Statistics

General Stats
  • This quiz has been taken 5 times
  • The average score is 27 of 59
Answer Stats
Scientific Name Species % Correct
Alosa sapidissima American Shad
75%
Semotilus atromaculatus Creek Chub
75%
Acantharchus pomotis Mud Sunfish
75%
Perca flavescens Yellow Perch
75%
Alosa pseudoharengus Alewife
50%
Anguilla rostrata American Eel
50%
Stronglyura marina Atlantic Needlefish
50%
Fundulus diaphanus Banded Killifish
50%
Enneacanthus obesus Banded Sunfish
50%
Anchoa mitchilli Bay Anchovy
50%
Enneacanthus chaetodon Blackbanded Sunfish
50%
Alosa aestivalis Blueback Herring
50%
Cottus caeruleomentum Blue Ridge Sculpin
50%
Enneacanthus gloriosus Bluespotted Sunfish
50%
Ameiurus nebulosus Brown Bullhead
50%
Esox niger Chain Pickerel
50%
Luxilus cornutus Common Shiner
50%
Erimyzon oblongus Creek Chubsucker
50%
Exoglossum maxilingua Cutlip Minnow
50%
Gambusia holbrooki Eastern Mosquitofish
50%
Umbra pygmaea Eastern Mudminnow
50%
Semotilus corporalis Fallfish
50%
Dorosoma cepedianum Gizzard Shad
50%
Alosa mediocris Hickory Shad
50%
Menidia beryllina Inland Silverside
50%
Notropis chalybaeus Ironcolor Shiner
50%
Lepisosteus osseus Longnose Gar
50%
Fundulus heteroclitus Mummichog
50%
Aphredoderus sayanus Pirate Perch
50%
Lepomis gibbosus Pumpkinseed
50%
Lepomis auritus Redbreast Sunfish
50%
Esox americanus Redfin Pickerel
50%
Clinostomus funduloides Rosyside Dace
50%
Cyprinella analostana Satinfin Shiner
50%
Petromyzon marinus Sea Lamprey
50%
Cyprinodon variegatus Sheepshead Minnow
50%
Percina peltata Shield Darter
50%
Notropis hudsonius Spottail Shiner
50%
Morone saxatilis Striped Bass
50%
Mugil cephalus Striped Mullet
50%
Notropis procne Swallowtail Shiner
50%
Ameiurus catus White Catfish
50%
Mugil curema White Mullet
50%
Morone americana White Perch
50%
Catostomus commersonii White Sucker
50%
Ameiurus natalis Yellow Bullhead
50%
Notropis amoenus Comely Shiner
25%
Rhinichthys atratulus Eastern Blacknose Dace
25%
Hybognathus regius Eastern Silvery Minnow
25%
Notemigonus crysoleucas Golden Shiner
25%
Trinectes maculatus Hogchoker
25%
Noturus insignis Margined Madtom
25%
Fundulus confluentus Marsh Killifish
25%
Hypentelium nigricans Northern Hogsucker
25%
Fundulus luciae Spotfin Killifish
25%
Fundulus majalis Striped Killifish
25%
Etheostoma fusiforme Swamp Darter
25%
Noturus gyrinus Tadpole Madtom
25%
Etheostoma olmstedi Tessellated Darter
25%
No matching quizzes found
Score Distribution
Percent of People with Each Score
Percentile by Number Answered
Your Score History
You have not taken this quiz